Playable Genshin Characters - Statistics

General Stats
  • This quiz has been taken 208 times
  • The average score is 27 of 35
Answer Stats
Answer % Correct
Jean
92%
Zhongli
92%
Diluc
91%
Kaeya
89%
Venti
89%
Amber
87%
Lisa
87%
Xiangling
84%
Xiao
83%
Albedo
82%
Bennett
82%
Qiqi
82%
Mona
81%
Barbara
80%
Beidou
80%
Chongyun
80%
Ganyu
80%
Klee
80%
Razor
80%
Keqing
79%
Xingqiu
78%
Diona
77%
Sucrose
76%
Ningguang
75%
Eula
73%
Fischl
72%
Hu Tao
72%
Xinyan
72%
Noelle
70%
Rosaria
70%
Yanfei
70%
Tartaglia
68%
Traveler
61%
Kazuha
55%
Ayaka
49%
No matching quizzes found
Score Distribution
Percent of People with Each Score
Percentile by Number Answered
Your Score History
You have not taken this quiz